Charles dickens : (Record no. 145341)

MARC details
000 -LEADER
fixed length control field 00854nam a22002417a 4500
005 - DATE AND TIME OF LATEST TRANSACTION
control field 20180615111741.0
010 ## - LCCN (DPL NO)
LC control number 1718EN-30ENG-122070 B-688876-882
020 ## - INTERNATIONAL STANDARD BOOK NUMBER
International Standard Book Number 9781137608437
Terms of availability 495.00
035 ## - SYSTEM CONTROL NUMBER
System control number EN-105602
035 ## - SYSTEM CONTROL NUMBER
System control number B-688876-882
037 ## - SOURCE OF ACQUISITION
Source of stock number/acquisition Atlantic
Stock number dpl
037 ## - SOURCE OF ACQUISITION
Source of stock number/acquisition DBAD/PUB
082 ## - DEWEY DECIMAL CLASSIFICATION NUMBER
Classification number 883.092
100 ## - MAIN ENTRY--PERSONAL NAME
Personal name Tredell, Nicolas
245 ## - TITLE STATEMENT
Title Charles dickens :
Statement of responsibility, etc by Nicolas Tredell
Remainder of title David copperfield great expectation /
260 ## - PUBLICATION, DISTRIBUTION, ETC. (IMPRINT)
Place of publication, distribution, etc New York
Name of publisher, distributor, etc Palgrave Macmillan
Date of publication, distribution, etc 2017
270 ## - ADDRESS
Address 175, Fifth Avaenue,
City New York
Postal code NY-10010
300 v# - PHYSICAL DESCRIPTION
Extent 220p.
Dimensions 21cm(pbk)
500 ## - GENERAL NOTE
General note Includes index
700 ## - ADDED ENTRY--PERSONAL NAME
Personal name
942 ## - ADDED ENTRY ELEMENTS (KOHA)
Source of classification or shelving scheme Dewey Decimal Classification
Item type English Books
Call number suffix TRE
Classification part 883.092
Holdings
Withdrawn status Lost status Not for loan Collection code Home library Current library Date acquired Source of acquisition Cost, normal purchase price Full call number Barcode Copy number Cost, replacement price Koha item type
      Non-fiction Ashok Vihar Ashok Vihar 15/06/2018 Atlantic pub-CUS103131/30.11.17/637/20.11.17/19.1.18 495.00 883.092 TRE B-688877 1 495.00 English Books
    Not For Loan Non-fiction D.B.Act.Division Bawana 17/01/2018 DBAD/PUB 495.00 883.092 TRE EN-105602 1 495.00 English Books
      Non-fiction Bawana Bawana 15/06/2018 Atlantic pub-CUS103131/30.11.17/637/20.11.17/19.1.18 495.00 883.092 TRE B-688882 1 495.00 English Books
      Non-fiction Central Library Central Library 15/06/2018 Atlantic pub-CUS103131/30.11.17/637/20.11.17/19.1.18 495.00 883.092 TRE B-688876 1 495.00 English Books
      Non-fiction Janak Puri Janak Puri 15/06/2018 Atlantic pub-CUS103131/30.11.17/637/20.11.17/19.1.18 495.00 883.092 TRE B-688879 1 495.00 English Books
      Non-fiction Narela Narela 15/06/2018 Atlantic pub-CUS103131/30.11.17/637/20.11.17/19.1.18 495.00 883.092 TRE B-688881 1 495.00 English Books
      Non-fiction Patel Nagar Patel Nagar 15/06/2018 Atlantic pub-CUS103131/30.11.17/637/20.11.17/19.1.18 495.00 883.092 TRE B-688878 1 495.00 English Books
      Non-fiction R.K.Puram-8 R.K.Puram-8 15/06/2018 Atlantic pub-CUS103131/30.11.17/637/20.11.17/19.1.18 495.00 883.092 TRE B-688880 1 495.00 English Books

© Delhi Public Library
Hit Counter
free hit counter